| 000 | 01266nam a2200337Ia 4500 | ||
|---|---|---|---|
| 001 | ebr10076773 | ||
| 003 | CaPaEBR | ||
| 006 | m u | ||
| 007 | cr cn||||||||| | ||
| 008 | 030911s2004 enka sb 001 0 eng d | ||
| 020 | _z9781412931335 | ||
| 020 | _z0761943862 | ||
| 020 | _z0761943870 (pbk.) | ||
| 040 |
_aCaPaEBR _cCaPaEBR |
||
| 035 | _a(OCoLC)70774087 | ||
| 050 | 1 | 4 |
_aLB1140.2 _b.E2 2004eb |
| 082 | 0 | 4 |
_a372.21 _221 |
| 245 | 0 | 0 |
_aEarly childhood education _h[electronic resource] : _bsociety and culture / _cedited by Angela Anning, Joy Cullen and Marilyn Fleer. |
| 260 |
_aLondon : _bSAGE, _c2004. |
||
| 300 |
_axiii, 226 p. : _bill. |
||
| 504 | _aIncludes bibliographical references and index. | ||
| 533 |
_aElectronic reproduction. _bPalo Alto, Calif. : _cebrary, _d2009. _nAvailable via World Wide Web. _nAccess may be limited to ebrary affiliated libraries. |
||
| 650 | 0 | _aEarly childhood education. | |
| 650 | 0 | _aEducation, Primary. | |
| 655 | 7 |
_aElectronic books. _2local |
|
| 700 | 1 |
_aAnning, Angela, _d1944- |
|
| 700 | 1 | _aCullen, Joy. | |
| 700 | 1 | _aFleer, Marilyn. | |
| 710 | 2 | _aebrary, Inc. | |
| 856 | 4 | 0 |
_uhttp://site.ebrary.com/lib/rucke/Doc?id=10076773 _zAn electronic book accessible through the World Wide Web; click to view |
| 999 |
_c72967 _d72967 |
||